Electronics /

שמור ב:
מידע ביבליוגרפי
מחבר ראשי: Hambley, Allan R.
פורמט: ספר
שפה:English
יצא לאור: Upper Saddle River, N. J. : Prentice Hall, 2000.
מהדורה:2nd ed.
נושאים:
תגים: הוספת תג
אין תגיות, היה/י הראשונ/ה לתייג את הרשומה!
Thư viện lưu trữ: Mạng thư viện Đại học Đà Nẵng
LEADER 00869cam a2200337 i 4500
001 000046136
003 5409
005 20030217093701.0
008 010220|2000 vm 000 eng
020 |a 0130857653 
040 |a IRC  |c IRC  |d IRC 
041 0 |a eng 
082 1 4 |a 621.381  |b HA-A 
100 1 |a Hambley, Allan R. 
245 0 0 |a Electronics /  |c Allan R. Hambley. 
250 |a 2nd ed. 
260 |a Upper Saddle River, N. J. :  |b Prentice Hall,  |c 2000. 
300 |a xvi, 888p. :  |b ill. 
630 0 4 |a Electronic circuits. 
650 0 4 |a Computer-aided design. 
650 0 4 |a Electronic circuit design  |x Data processing. 
OWN |a DUT 
999 |a From the UDN01 
TYP |a Monograph 
TYP |a Printed language 
980 |a Mạng thư viện Đại học Đà Nẵng